| 000 | 00346nam a2200133Ia 4500 | ||
|---|---|---|---|
| 008 | 221030s9999 xx 000 0 und d | ||
| 041 | _aEnglish | ||
| 100 | _aA. K. Sawhney | ||
| 245 | 2 |
_aA Course in Electrical Machine Design _cby A. K. Sawhney |
|
| 260 |
_bDhanpat Rai Pub. _aNew Delhi _c1972 |
||
| 300 | _a1137 | ||
| 650 | _aBB EE | ||
| 942 | _cBK | ||
| 999 |
_c16717 _d16717 |
||